Dřevené stavby : konstrukce, ochrana a údržba /
Uložené v:
| Hlavní autori: | , |
|---|---|
| Ďalší autori: | |
| Médium: | Kniha |
| Jazyk: | Czech Slovak |
| Vydané: |
Bratislava :
Jaga group,
2004.
|
| Vydanie: | prvé české |
| Témy: | |
| ISBN: |
8088905958 (viaz.) |
| Fyzický popis: |
196 strán : farebné fotografie, ilustrácie ; 30 cm. |
| Tagy: |
Pridať tag
Žiadne tagy, Buďte prvý kto otaguje tento záznam!
|
Titul je dostupný aj v ... 

MARC
| LEADER | 00000nam a2200000 a 4500 | ||
|---|---|---|---|
| 001 | 000015744 | ||
| 005 | 20190620083634.0 | ||
| 008 | 051011s2004 xo ao e b 000 0 cze d | ||
| 020 | |a 8088905958 (viaz.) | ||
| 040 | |a SVKKK |b slo |c SVKKK |e AACR2 | ||
| 041 | 1 | |a cze |h slo | |
| 044 | |a xo |c SK | ||
| 072 | 7 | |a 694 |x Drevené stavby. Tesárstvo. Stolárstvo |2 konspekt | |
| 080 | |a 694.1 |2 2011 | ||
| 080 | |a 624.011.1 |2 2011 | ||
| 080 | |a (048.8) |2 2011 | ||
| 100 | 1 | |a Štefko, Jozef |4 aut | |
| 245 | 1 | 0 | |a Dřevené stavby : |b konstrukce, ochrana a údržba / |c Jozef Štefko, Ladislav, Reinprecht ; [překlad: Zlatuše Braunšteinová]. |
| 250 | |a prvé české | ||
| 260 | |a Bratislava : |b Jaga group, |c 2004. | ||
| 300 | |a 196 strán : |b farebné fotografie, ilustrácie ; |c 30 cm. | ||
| 500 | |a Preložené zo slovenčiny | ||
| 504 | |a Bibliografia: s. [205-206] | ||
| 650 | 0 | 7 | |a drevené stavby |2 SVKKKPH |
| 650 | 0 | 7 | |a drevené konštrukcie |2 SVKKKPH |
| 650 | 0 | 7 | |a wooden buildings |2 SVKKKPHeng |
| 650 | 0 | 7 | |a wooden structures |2 SVKKKPHeng |
| 655 | 7 | |a monografie |2 SVKKKPH | |
| 655 | 7 | |a monographs |2 SVKKKPHeng | |
| 700 | 1 | |a Reinprecht, Ladislav, |d 1953- |4 aut | |
| 700 | 1 | |a Braunšteinová, Zlatuše |4 trl | |
| 910 | |a svkkk | ||
| 919 | |a 80-88905-95-8 | ||
| 998 | |a BK | ||
| 090 | |g SCKHL |k Sklad |a V.213682 |j 971985 |i 2720025401 |s Absenčne | ||
| 090 | |g SCKHL |k Sklad Hlavná 10 prízemie |a V.238663 |j 1096701 |i 2720654283 |s Absenčne | ||